| 000 | 01563nam a2200481 i 4500 | ||
|---|---|---|---|
| 001 | 7028 | ||
| 003 | KOSZ 005 | ||
| 005 | 20200504125142.0 | ||
| 008 | 070709s1970 pl a f |000 0 pol | ||
| 015 | _aPB 1970/2495 | ||
| 035 | _a991034924289705066 | ||
| 035 | _a(PL-WaBN)b19395814-48omnis_nlop | ||
| 035 | _ab19395814 | ||
| 035 | _a(OCoLC)838969359 | ||
| 035 | _a(PL)b0000001939581 | ||
| 035 | _a(EXLNZ-48OMNIS_NETWORK)9910054183505606 | ||
| 040 |
_aWA N _cWA N _dKOSZ 005/EC |
||
| 041 | _apol | ||
| 046 | _k1970 | ||
| 080 | _a626.8 | ||
| 080 | _a556 | ||
| 100 | 1 |
_aMielcarzewicz, Edward Włodzimierz _d(1924-2013) _eAutor |
|
| 245 | 1 | 0 |
_aMelioracje miejskie i przemysłowe / _cEdward Włodzimierz Mielcarzewicz. |
| 260 |
_aWarszawa : _bPaństwowe Wydawnictwo Naukowe, _c1970. |
||
| 300 |
_a436 s., [7] k. tabl. : _bil., mapy ; _c23 cm. |
||
| 336 |
_2rdacontent _aTekst _btxt |
||
| 337 |
_2rdamedia _aBez urządzenia pośredniczącego _bn |
||
| 338 |
_2rdacarrier _aWolumin _bnc |
||
| 380 | _aKsiążki | ||
| 380 | _aPublikacje dydaktyczne | ||
| 385 |
_mPoziom nauczania _aSzkoły wyższe |
||
| 388 | _a1901-2000 | ||
| 388 | _a1945-1989 | ||
| 504 | _aBibliogr. | ||
| 650 | 7 |
_aHydrotechnika _2DBN |
|
| 650 | 7 |
_aMiasta _2DBN |
|
| 655 | 7 |
_aPodręcznik _2DBN |
|
| 658 | _aInżynieria i technika | ||
| 710 | 2 |
_aPaństwowe Wydawnictwo Naukowe _4pbl |
|
| 856 |
_uhttp://koha.tu.koszalin.pl/cgi-bin/koha/opac-detail.pl?biblionumber=7028 _yKatalog online BPK |
||
| 942 |
_2UKD _cKS |
||
| 999 |
_c7028 _d7028 |
||